000 00916nam a22002771 4500
001 32856
003 BD-RjUL
005 20211209051915.0
008 140429s1953 enka b 001 0 eng
035 _a(BD-RjUL)32946
035 _a(OCoLC)381438
040 _aDLC
_cODaWU
_dOCoLC
_dUk
_dDLC
_dBD-RjUL
_beng
041 _aeng
082 _a297
_bBEB 1953
100 1 _aBethmann, Erich W.
_999893
245 1 0 _aBridge to Islam :
_ba study of the religious forces of Islām and Christianity in the Near East /
_cby Erich W.Bethmann.
260 _aLondon :
_bAllen & Unwin,
_c1953.
300 _a240 p. :
_billus. ;
_c21 cm.
504 _aIncludes bibliography & Index.
650 0 _aIslam.
_999894
650 0 _aIslam
_xRelations
_xChristianity.
_95519
650 0 _aChristianity and other religions
_xIslam.
_95518
650 0 _aSeventh-Day Adventists
_xMissions.
_999895
942 _2ddc
_cBK
999 _c32856
_d32856